| 000 | 02374nam a2200277 a 4500 | ||
|---|---|---|---|
| 001 | 000014068 | ||
| 003 | OSt | ||
| 005 | 20260417182716.0 | ||
| 008 | 091203s1974 dr 001 e spa d | ||
| 040 |
_aDO-SdBNP _bspa _cBNPHU |
||
| 049 | _aBNPD | ||
| 082 |
_aH864.08 _bT355p, 1974 |
||
| 245 | 0 | 0 |
_aTextos de pensadores hispanoamericanos / _cIntroducción, notas y selección Apolinar Nuñez. |
| 260 |
_aSantiago de los Caballeros : _bUCMM, _c1974. |
||
| 300 |
_a185 p. ; _c24 cm. |
||
| 490 | 1 | _aTextos | |
| 505 | 0 |
_gIntroducción / _rApolinar Núñez -- _tDeclaratoria de la independencia dominicana / _rJosé Núñez de Cáceres (1772-1846) -- _tNuestro ideal: la creación de la cultura americana / _rAndrés Bello (1781-1865) -- _tEl sistema colonial / _rFaustino Domingo Sarmiento (1811-1888) -- _tLa moral y las profesiones / _rEugenio María de Hostos (1839-1903) -- _tNotas acerca del idioma / _rManuel González Prada (1848-1918) -- _tEl hombre rutinario / _rJosé Ingenieros (1877-1925) -- _tLa tradición de los pueblos hispanoamericanos / _rJosé Enrique Rodó (1872-1917) -- _tMi raza ; Tres héroes ; Nuestra América / _rJosé Martí (1853-1895) -- _tSufrimientos actuales del pueblo dominicano ; Infructuosidad de nuestro militarismo / _rJosé Ramón López (1866-1922) -- _tEl pensamiento iberoamericano / _rJosé Vasconcelos (1881-1959) -- _tPatria de la justicia ; El descontento y la promesa / _rPedro Henríquez Ureña (1884-1946) -- _tNotas sobre la inteligencia americana / _rAlfonso Reyes (1889-1959) -- _tComunicación y situación / _rFrancisco Romero (1891-1962) / _tLa reforma universitaria ; El artista y la época / _rJosé Carlos Mariátegui (1895-1930) -- _tLa pedantería / _rSamuel Ramos (1897-1959) -- _tPara un arte de escribir / _rJorge Mañach (1898-1962) -- _tQué es el pentagonismo / _rJuan Bosch (1909-2001) -- _tLengua hablada y lengua escrita / _rAdolfo Jiménez Hernández (1910-) -- _tLa libertad del arte y la revolución / _rFidel Castro (1927-). |
|
| 650 | 4 |
_aEnsayos hispanoamericanos _xColecciones _931131 |
|
| 650 | 4 |
_aAutores hispanoamericanos _xEnsayos, conferencias, etc. _931868 |
|
| 650 | 4 |
_aIntelectuales _zAmérica Latina _xEnsayos, conferencias, etc. _931869 |
|
| 650 | 0 |
_aLiteratura hispanoamericana _9318 |
|
| 700 | 1 |
_aNuñez, Apolinar, _ecomp. _914150 |
|
| 830 | 0 |
_aTextos _914460 |
|
| 910 | _aValidado. Control de calidad EMS | ||
| 942 |
_2ddc _cLBS1 |
||
| 999 |
_c13670 _d13670 |
||